| 000 | 00745nam a22002057a 4500 | ||
|---|---|---|---|
| 005 | 20230525011630.0 | ||
| 008 | 221215b |||||||| |||| 00| 0 eng d | ||
| 020 | _a978-971-9654-02-5 | ||
| 082 | _aFil. 641.5 R330 2015 | ||
| 100 | _aReyes, Ruth Estrada J. | ||
| 245 |
_aCulinary arts / _cRuth Estrada Javier-Reyes, Aurora "Babes" S. Austria, Ma. Lindsay J. Alvares, Ethel May F. Oñas, contributors |
||
| 260 |
_aManila: _bUnlimited Books Library Services & Publishing, _cc2015. |
||
| 300 |
_aviii, 238p.: _bill. |
||
| 504 | _aIncludes bibliographies | ||
| 541 | _e6385 c.1, 6386 c.2 | ||
| 650 | _aCooking | ||
| 700 |
_aAustria, Aurora S. _eauthor |
||
| 700 |
_aAlvares, Ma. Lindsay J. _eauthor |
||
| 700 |
_aOñas, Ethel May F. _eauthor |
||
| 999 |
_c407 _d407 |
||